<?xml version="1.0" encoding="UTF-8"?><?xml-stylesheet type="text/xsl" href="static/style.xsl"?><OAI-PMH xmlns="http://www.openarchives.org/OAI/2.0/" xmlns:xsi="http://www.w3.org/2001/XMLSchema-instance" xsi:schemaLocation="http://www.openarchives.org/OAI/2.0/ http://www.openarchives.org/OAI/2.0/OAI-PMH.xsd"><responseDate>2026-05-17T05:52:42Z</responseDate><request verb="GetRecord" identifier="oai:repisalud.isciii.es:20.500.12105/10535" metadataPrefix="marc">https://repisalud.isciii.es/rest/oai/request</request><GetRecord><record><header><identifier>oai:repisalud.isciii.es:20.500.12105/10535</identifier><datestamp>2024-05-21T11:02:19Z</datestamp><setSpec>com_20.500.12105_2203</setSpec><setSpec>com_20.500.12105_2202</setSpec><setSpec>col_20.500.12105_19505</setSpec><setSpec>col_20.500.12105_19585</setSpec></header><metadata><record xmlns="http://www.loc.gov/MARC21/slim" xmlns:dcterms="http://purl.org/dc/terms/" xmlns:doc="http://www.lyncode.com/xoai" xmlns:xsi="http://www.w3.org/2001/XMLSchema-instance" xsi:schemaLocation="http://www.loc.gov/MARC21/slim http://www.loc.gov/standards/marcxml/schema/MARC21slim.xsd">
   <leader>00925njm 22002777a 4500</leader>
   <datafield ind2=" " ind1=" " tag="042">
      <subfield code="a">dc</subfield>
   </datafield>
   <datafield ind2=" " ind1=" " tag="720">
      <subfield code="a">Instituto de Salud Carlos III. Centro Nacional de Epidemiología</subfield>
      <subfield code="e">author</subfield>
   </datafield>
   <datafield ind2=" " ind1=" " tag="260">
      <subfield code="c">2013-01-27</subfield>
   </datafield>
   <datafield ind2=" " ind1=" " tag="520">
      <subfield code="a">La actividad gripal se sitúa esta semana en fase de ascenso de la onda epidémica en España , asociada a
una circulación mayoritaria de virus de la gripe B, a diferencia de la circulación general en Europa con una
mezcla de virus B, A(H1N1)pdm09 y AH3.
En la semana 04/2013, la tasa global de incidencia de gripe es de 156,73 casos por 100.000 habitantes,
con una evolución creciente respecto a la semana previa.
De las 343 muestras centinela enviadas para confirmación virológica, 176 han sido positivas (51,3%).
Desde el inicio de la temporada se han notificado 599 detecciones de virus de la gripe (15,7% A, 84% B y
0,3% C).
La tasa de detección de VRS es del 20%, en descenso desde la semana 52/2012 (50%).
Desde la semana 40/2012 se han notificado 42 casos graves hospitalizados confirmados de gripe en once
CCAA, un 61% por virus de la gripe B y un 39% por virus A [89% A(H1N1)pdm09 y 11% A(H3N2), entre
los subtipados].
Desde el inicio de la temporada se ha registrado una defunción por virus de la gripe B entre los casos
graves hospitalizados confirmados de gripe.
Globalmente, el virus de la gripe de tipo A se ha detectado con más frecuencia (79%) que el de tipo B
(21%). En Europa se observa una co-circulación de A(H1N1)pdm09, A(H3N2) y B, con una distribución de
tipos y subtipos virales diferente al observado en Norte América, en donde el A(H1N1)pdm09 es poco
común. Algunos países del este del Mediterráneo y norte de África notifican un predominio de virus de la
gripe A(H1N1)pdm09. En México circula predominantemente el virus de la gripe B</subfield>
   </datafield>
   <datafield ind1="8" ind2=" " tag="024">
      <subfield code="a">http://hdl.handle.net/20.500.12105/10535</subfield>
   </datafield>
   <datafield tag="653" ind2=" " ind1=" ">
      <subfield code="a">Gripe</subfield>
   </datafield>
   <datafield tag="653" ind2=" " ind1=" ">
      <subfield code="a">Vigilancia Epidemiológica</subfield>
   </datafield>
   <datafield ind2="0" ind1="0" tag="245">
      <subfield code="a">Informe semanal de Vigilancia de la Gripe en España Semana 04/2013 (21 - 27 de enero 2013) Nº 336. 31 de enero de 2013</subfield>
   </datafield>
</record></metadata></record></GetRecord></OAI-PMH>